| 000 | 01746cam a2200481 a 4500 | ||
|---|---|---|---|
| 001 | 15740217 | ||
| 003 | OSt | ||
| 005 | 20150408113952.0 | ||
| 008 | 111203s2009 b | 00 1 00| 0 ara | ||
| 010 | _a 2009290959 | ||
| 015 |
_aGBA8C5841 _2bnb |
||
| 016 | 7 |
_a014793724 _2Uk |
|
| 020 | _a9780199538775 (pbk.) | ||
| 035 | _a(OCoLC)ocn269433607 | ||
| 040 |
_aUKM _cUKM _dYDXCP _dDLC |
||
| 042 | _alccopycat | ||
| 043 | _an-us-pa | ||
| 050 | 0 | 0 |
_aPS1134 _b.W5 2009b |
| 082 | 0 | 0 |
_a823.2 B C W _222 |
| 100 | 1 |
_aBrown, Charles Brockden, _d1771-1810. _96870 |
|
| 240 | 1 | 0 | _aWieland |
| 245 | 1 | 0 |
_aWieland, or the transformation ; _band Memoirs of Carwin the biloquist / _cCharles Brockden Brown / edited with an introduction and notes by Emory Elliott. |
| 246 | 3 | 0 | _aWieland |
| 246 | 3 | 0 | _aTransformation |
| 260 |
_aOxford ; _aNew York : _bOxford University Press, _c[2009] |
||
| 300 |
_axxxv, 294 p. ; _c20 cm. |
||
| 440 | 0 |
_aOxford world's classics _96792 |
|
| 504 | _aIncludes bibliographical references. | ||
| 650 | 0 |
_aCombustion, Spontaneous _vFiction. _96871 |
|
| 650 | 0 |
_aFathers _xDeath _vFiction. _96872 |
|
| 650 | 0 |
_aMurder _vFiction. _96873 |
|
| 650 | 0 |
_aRadicals _vFiction. _96874 |
|
| 651 | 0 |
_aPennsylvania _xHistory _yColonial period, ca. 1600-1775 _vFiction. _96875 |
|
| 655 | 0 |
_aPsychological fiction. _93935 |
|
| 655 | 7 |
_aEpistolary fiction. _2gsafd _95097 |
|
| 655 | 7 |
_aGothic fiction. _2gsafd _95032 |
|
| 655 | 7 |
_aHorror tales. _2gsafd _96876 |
|
| 700 | 1 |
_aElliott, Emory, _d1942-2009. _96877 |
|
| 700 | 1 |
_aBrown, Charles Brockden, _d1771-1810. _tMemoirs of Carwin the biloquist. _96878 |
|
| 906 |
_a7 _bcbc _ccopycat _d2 _encip _f20 _gy-gencatlg |
||
| 942 |
_2ddc _cDVD |
||
| 999 |
_c19129 _d253629 |
||